[Event "6th Leg Russian Cup"]
[Site "Tomsk RUS"]
[Date "2001.07.02"]
[Round "3"]
[White "Andreeva,N"]
[Black "Erikalov,A"]
[Result "1/2-1/2"]
[WhiteElo "2300"]
[BlackElo "2475"]

1.Nf3 d5 2.g3 c6 3.Bg2 Bg4 4.O-O Nd7 5.d3 e6 6.c4 Bd6 7.cxd5 exd5 8.Nc3 Ne7
9.Qa4 Bxf3 10.Bxf3 Ne5 11.Bg2 O-O 12.b4 b5 13.Qb3 a5 14.bxa5 Qxa5 15.d4 Nc4
16.e4 Bb4 17.Ne2 Rfd8 18.Bf4 Bd2 19.Rfd1 dxe4 20.Bxe4 Bxf4 21.Nxf4 g6 22.d5 Nd6
23.Qc2 Nxe4 24.Qxe4 Nxd5 25.Nxd5 cxd5 26.Rxd5 Rxd5 27.Qxd5 Rd8 28.Qe5 Qa4
29.Rb1 b4 30.Qf4 Rd1+  1/2-1/2

[Event "Open"]
[Site "Andorra AND"]
[Date "2001.07.04"]
[Round "5"]
[White "Berkovich,M"]
[Black "Amura,C"]
[Result "1/2-1/2"]
[WhiteElo "2413"]
[BlackElo "2360"]

1.Nf3 d5 2.g3 Nf6 3.Bg2 e6 4.O-O Be7 5.b3 c5 6.Bb2 Nc6 7.d4 O-O 8.Nbd2 Ne4
9.Nxe4 dxe4 10.Ne5 Nxd4 11.e3 Nf3+ 12.Nxf3 exf3 13.Qxf3 Qc7 14.Rfd1 a5 15.a4 Ra7
16.h4 f5 17.Qf4 Qxf4 18.exf4 b6 19.Bf1 Rd7 20.Re1 Bf6 21.Be5 Bxe5 22.Rxe5 Rd6
23.Rae1 Kf7 24.Bd3 Kf6 25.f3 Rfd8 26.Kf2 Rd4 27.Bc4 R8d6 28.c3  1/2-1/2

[Event "6th Leg Russian Cup"]
[Site "Tomsk RUS"]
[Date "2001.07.04"]
[Round "5"]
[White "Andreeva,N"]
[Black "Vasilevich,I"]
[Result "1-0"]
[WhiteElo "2300"]
[BlackElo "2214"]

1.Nf3 d5 2.g3 Nf6 3.Bg2 Bf5 4.c4 c6 5.cxd5 cxd5 6.Qb3 Qb6 7.Qxb6 axb6 8.Nc3 Nc6
9.d3 e6 10.Nb5 Bb4+ 11.Bd2 Ke7 12.Nfd4 Bxd2+ 13.Kxd2 Rhc8 14.Nxf5+ exf5 15.Rhc1 g6
16.Rc3 Ra5 17.a4 Kd7 18.b3 Raa8 19.Rac1 Ke6 20.e3 Nd7 21.Nd4+ Kd6 22.Ne2 Nf6
23.R1c2 Rd8 24.Kc1 Nb4 25.Rd2 Rac8 26.Kb2 Rxc3 27.Kxc3 Nc6 28.b4 Ne7 29.Kb3 Rc8
30.h3 h5 31.e4 g5 32.f4 gxf4 33.gxf4 Nh7 34.Nd4 Rg8 35.exd5 Nf6 36.Nb5+ Kd7
37.Kc4 h4 38.d6 Rc8+ 39.Kb3 Ned5 40.Re2 Re8 41.Rxe8 Kxe8 42.Bxd5 Nxd5 43.Nc7+  1-0

[Event "6th Leg Russian Cup"]
[Site "Tomsk RUS"]
[Date "2001.07.07"]
[Round "8"]
[White "Zablotsky,S"]
[Black "Beshukov,S"]
[Result "1-0"]
[WhiteElo "2283"]
[BlackElo "2463"]

1.Nf3 d5 2.g3 g6 3.Bg2 Bg7 4.O-O e5 5.d3 Ne7 6.e4 O-O 7.exd5 Nxd5 8.Re1 Nc6
9.Nc3 Nb6 10.Bd2 h6 11.a4 a5 12.Nb5 Nd5 13.c3 f5 14.Qc2 Ra6 15.Na3 Nb6 16.Nb5 Re8
17.Re2 Be6 18.Rae1 Bf7 19.Bc1 Nd7 20.d4 e4 21.Nd2 Rf8 22.b3 Ncb8 23.Ba3 c5
24.f3 cxd4 25.cxd4 Nc6 26.Bxf8 Nxf8 27.fxe4 Nxd4 28.Nxd4 Qxd4+ 29.Kh1 Rc6
30.Nc4 Bxc4 31.bxc4 Rxc4 32.Qb3 Kh7 33.exf5 gxf5 34.Qxb7 Ng6 35.Qf7 Rc8 36.Qxf5 Rf8
37.Qxa5 Qc4 38.Qb5 Qc3 39.a5 Rc8 40.a6 Rc5 41.Qb1  1-0

[Event "Open"]
[Site "Andorra AND"]
[Date "2001.07.08"]
[Round "9"]
[White "Berkovich,M"]
[Black "Gonzalez de la Torre,S"]
[Result "1/2-1/2"]
[WhiteElo "2413"]
[BlackElo "2277"]

1.g3 d5 2.Nf3 c6 3.Bg2 Bg4 4.O-O Nd7 5.d4 Ngf6 6.Nbd2 e6 7.Re1 a5 8.e4 dxe4
9.Nxe4 Nxe4 10.Rxe4 Nf6 11.Re1 Be7 12.c3 a4 13.b3 Qa5 14.Bd2 O-O 15.bxa4 Qxa4
16.Qb3 Ra7 17.c4 Qxb3 18.axb3 Rfa8 19.Bc3 Bd6 20.Rxa7 Rxa7 21.Ra1 Rxa1+ 22.Bxa1 Bf5
23.Bc3 Bc2 24.b4 Be4 25.Nd2 Bxg2 26.Kxg2 b5 27.c5 Bc7 28.Nb3 Nd5 29.Bd2 Kf8
30.Kf3 Ke7 31.Ke4 Kd7 32.h3 f5+ 33.Kf3 h5 34.Nc1 Bd8 35.g4 hxg4+ 36.hxg4 Bf6
37.Nb3 g5 38.Kg3 Bd8 39.f3 Bc7+ 40.Kg2 Bf4 41.Be1 Kc7 42.Na1 Nf6 43.Kh3 fxg4+
44.fxg4 e5 45.dxe5 Bxe5 46.Nc2 Kd7 47.Bd2 Ne4 48.Bc1 Ke6 49.Kg2 Bf4 50.Kf3 Ke5
51.Bb2+ Kd5 52.Ne3+ Bxe3 53.Kxe3 Ng3 54.Bf6 Ne4  1/2-1/2

[Event "Open"]
[Site "Andorra AND"]
[Date "2001.07.08"]
[Round "9"]
[White "Psakhis,L"]
[Black "Rausis,I"]
[Result "1/2-1/2"]
[WhiteElo "2575"]
[BlackElo "2500"]

1.Nf3 d5 2.g3 Nf6 3.Bg2 e6 4.O-O Be7 5.d3 b6 6.Nbd2 Bb7 7.e4 dxe4 8.dxe4 O-O
9.e5 Nfd7 10.Re1 a5 11.a4 Nc5 12.Qe2 Nba6 13.Nc4 Qe8 14.b3 Rd8 15.Bb2 Nb4
16.Rac1 Rd7 17.Red1 Qa8 18.Rxd7 Nxd7 19.Ne1 Bxg2 20.Nxg2 Rd8 21.Ne1 Nc5 22.Nf3 Rd7
23.Bd4  1/2-1/2

[Event "ch-NOR"]
[Site "Kristiansund NOR"]
[Date "2001.07.08"]
[Round "2"]
[White "Hole,O"]
[Black "Johansen,Te"]
[Result "1/2-1/2"]
[WhiteElo "2274"]
[BlackElo "2236"]

1.Nf3 d5 2.g3 Nf6 3.Bg2 c6 4.O-O Bg4 5.d3 e6 6.Nbd2 Nbd7 7.h3 Bh5 8.Qe1 Be7
9.e4 O-O 10.b3 a5 11.a4 dxe4 12.dxe4 e5 13.Nc4 Bxf3 14.Bxf3 Bb4 15.c3 Bc5
16.Bb2 b5 17.axb5 cxb5 18.Ne3 a4 19.Nd5 Nxd5 20.exd5 axb3 21.Qd1 Rxa1 22.Bxa1 Nf6
23.Qxb3 e4 24.Bg2 Qb6 25.Qc2 Nxd5 26.Bxe4 Nf6 27.Bd3 Rd8 28.c4 Qd6 29.Bf5 Qxg3+
30.Kh1 Qf3+ 31.Kg1 bxc4 32.Bxf6 gxf6 33.Re1 Kh8 34.Bg4 Qb3 35.Rc1 Qg3+ 36.Kf1 Qf4
37.Rd1 Rxd1+ 38.Bxd1 c3 39.Qe2 Bd4 40.Bb3 Qb8 41.Qe7 Qg8 42.Ke2 Kg7 43.Qd7 Be5
44.Qg4+ Kh8 45.Qd7 Qg6 46.Qxf7 Qxf7 47.Bxf7 Kg7 48.Be6 Kg6 49.Kd3 Kg5 50.Bd5 Kf4
51.Bc6 h5 52.Bb7 Bd4 53.Bc6 f5 54.Bd7 h4 55.f3 Bf6  1/2-1/2

[Event "ch-NOR"]
[Site "Kristiansund NOR"]
[Date "2001.07.11"]
[Round "6"]
[White "Hersvik,D"]
[Black "Hole,O"]
[Result "0-1"]
[WhiteElo "2241"]
[BlackElo "2274"]

1.Nf3 d5 2.g3 Nf6 3.Bg2 c6 4.O-O Bf5 5.d3 e6 6.b3 Nbd7 7.Bb2 h6 8.c4 Be7
9.Nbd2 O-O 10.Re1 Bh7 11.a3 a5 12.Rc1 Qc7 13.Qc2 Rfd8 14.Qb1 Bf8 15.Qa1 Rac8
16.Bc3 c5 17.cxd5 exd5 18.Ne5 Nxe5 19.Bxe5 Qb6 20.Bh3 Rc6 21.Nf1 d4 22.Nd2 Re8
23.Nc4 Qd8 24.Bf4 Nd5 25.Bd2 b6 26.b4 axb4 27.axb4 Nxb4 28.Qa4 Rf6 29.Bxb4 cxb4
30.Nxb6 Rxb6 31.Rc8 Qxc8 32.Bxc8 Rxc8 33.Qd7 Rbb8 34.Qxd4 b3 35.Rb1 Bf5  0-1

[Event "ch-SWE"]
[Site "Linkoping SWE"]
[Date "2001.07.11"]
[Round "11"]
[White "Eriksson,A"]
[Black "Hector,J"]
[Result "0-1"]
[WhiteElo "2335"]
[BlackElo "2546"]

1.Nf3 d5 2.g3 Bg4 3.Bg2 Nd7 4.O-O e5 5.d3 Ngf6 6.Nbd2 h6 7.e4 dxe4 8.dxe4 Bc5
9.Qe2 O-O 10.Nc4 Re8 11.Bd2 Bh5 12.b4 Bf8 13.Rfd1 b5 14.Nb2 c5 15.a3 c4 16.a4 Qc7
17.c3 a6 18.Re1 Nb6 19.Qd1 a5 20.bxa5 Rxa5 21.axb5 Rea8 22.Rxa5 Rxa5 23.Qc2 Nfd7
24.Nh4 Qc5 25.Rb1 Ra2 26.Qc1 Qxb5 27.Nd3 Qxb1 28.Qxb1 Rxd2 29.Nc1 Rd1+ 30.Bf1 Ba3
31.Qa2 Bxc1 32.Kg2 Rd2 33.Qa6 Rb2 34.Nf5 Bd2 35.Qa3 Rc2 36.Qe7 Kh7 37.Qd8 Bg5
38.Qe8 Ra2 39.h4 Bf6  0-1

[Event "Trofeo Intel Pentium"]
[Site "Milan ITA"]
[Date "2001.07.13"]
[Round "4"]
[White "Lazic,Mi"]
[Black "Lanzani,M"]
[Result "1/2-1/2"]
[WhiteElo "2465"]
[BlackElo "2380"]

1.g3 d5 2.Nf3 Nf6 3.Bg2 g6 4.O-O Bg7 5.d3 c5 6.Nbd2 Nc6 7.e4 O-O 8.Re1 h6
9.c3 e5 10.a3 Be6 11.b4 cxb4 12.axb4 d4 13.c4 Nd7 14.b5 Nb4 15.Nb3 a5 16.Ba3 Re8
17.Bxb4 axb4 18.Rxa8 Qxa8 19.Qc2 Bf8 20.Ra1 Qb8 21.Nfd2 Nc5 22.Nxc5 Bxc5
23.Nb3 Be7 24.Qd2 Kg7 25.Ra4 Qc7 26.Ra1 Rb8 27.Qa2 b6 28.Qd2 Rb7 29.Ra6 Ra7
30.Qa2 Rxa6 31.Qxa6 Bg4 32.Qa1 h5 33.h3  1/2-1/2

[Event "PanAm Junior"]
[Site "Yucay PER"]
[Date "2001.07.14"]
[Round "8"]
[White "Padilla,H"]
[Black "Prasca,R"]
[Result "0-1"]
[WhiteElo "2186"]
[BlackElo "2302"]

1.Nf3 d5 2.g3 Bf5 3.Bg2 e6 4.d3 Nf6 5.Nbd2 h6 6.O-O Be7 7.c4 c6 8.b3 Nbd7
9.Bb2 O-O 10.a3 a5 11.Bc3 Qc7 12.Qc1 Bd6 13.Qb2 e5 14.e4 dxe4 15.Nh4 Bh7
16.dxe4 Nc5 17.Qc2 Ne6 18.Nf5 c5 19.Nf3 Nd4 20.N3xd4 cxd4 21.Bd2 Bxf5 22.exf5 Rfe8
23.Rfe1 Rac8 24.Qb2 e4 25.Rac1 d3 26.b4 Be5 27.Qb3 Bd4 28.h3 Qxg3 29.Be3 Bxe3
30.Rxe3 Qf4 31.c5 axb4 32.axb4 Qxf5 33.Qc4 Nd5 34.Rxe4 Rxe4 35.Qxe4 Qxe4
36.Bxe4 d2 37.Rd1 Nc3 38.Rxd2 Nxe4 39.Rd7 Rb8 40.Re7 Nf6 41.b5 Kf8 42.Rc7 Ke8  0-1

[Event "Politiken Cup"]
[Site "Copenhagen DEN"]
[Date "2001.07.18"]
[Round "3"]
[White "Psakhis,L"]
[Black "Greiff,H"]
[Result "1-0"]
[WhiteElo "2566"]
[BlackElo "2299"]

1.Nf3 d5 2.g3 e6 3.Bg2 Nf6 4.O-O Be7 5.d3 c5 6.Nbd2 Nc6 7.e4 O-O 8.Re1 Re8
9.e5 Nd7 10.Nf1 Nf8 11.h4 f6 12.exf6 Bxf6 13.Ne3 e5 14.c4 d4 15.Nd5 Bg4 16.Qb3 Rb8
17.Nd2 Qa5 18.a3 Ng6 19.Qb5 Bd8 20.Be4 Rf8 21.b4 cxb4 22.Nb3 Qxb5 23.cxb5 Nce7
24.Nxb4 a5 25.Nd5 Nxd5 26.Bxd5+ Kh8 27.Nd2 a4 28.Nc4 Bf3 29.Bxf3 Rxf3 30.h5 Nf8
31.Nxe5 Rf5 32.g4 Ba5 33.Re4 Rf6 34.Bb2 Ne6 35.Nd7 Ng5 36.Nxf6 gxf6 37.Re7 Rc8
38.Rc1 Bc3 39.Rxb7 Nf3+ 40.Kh1 Ne5 41.b6  1-0

[Event "EuChJun Boys"]
[Site "Patras GRE"]
[Date "2001.07.18"]
[Round "3"]
[White "Stryjecki,M"]
[Black "Dziuba,M"]
[Result "1/2-1/2"]
[WhiteElo "2441"]
[BlackElo "2471"]

1.Nf3 d5 2.g3 Nf6 3.Bg2 c6 4.O-O Nbd7 5.d4 e6 6.b3 Bd6 7.Bb2 O-O 8.Nbd2 b6
9.c4 Bb7 10.Qc2 c5 11.dxc5 Nxc5 12.Ng5  1/2-1/2

[Event "Heart of Finland Open"]
[Site "Jyvaskyla FIN"]
[Date "2001.07.19"]
[Round "3"]
[White "Kengis,E"]
[Black "Raisa,U"]
[Result "1-0"]
[WhiteElo "2572"]
[BlackElo "2149"]

1.Nf3 d5 2.g3 Nf6 3.Bg2 c5 4.O-O Nc6 5.d4 e6 6.c4 cxd4 7.Nxd4 Be7 8.Nc3 O-O
9.Bf4 a6 10.Rc1 Na5 11.cxd5 exd5 12.Na4 Nc4 13.e4 Bg4 14.Qb3 Na5 15.Qb6 Qxb6
16.Nxb6 dxe4 17.Nxa8 Rxa8 18.Bc7 Nc6 19.Nxc6 bxc6 20.Rxc6 Be2 21.Re1 Bd3
22.Be5 Bb4 23.Rec1 Kf8 24.Bxf6 gxf6 25.Rc8+ Rxc8 26.Rxc8+ Ke7 27.Bxe4  1-0

[Event "Heart of Finland Open"]
[Site "Jyvaskyla FIN"]
[Date "2001.07.19"]
[Round "3"]
[White "Kivipelto,KE"]
[Black "Rytshagov,M"]
[Result "0-1"]
[WhiteElo "2243"]
[BlackElo "2501"]

1.Nf3 d5 2.g3 Bg4 3.Ne5 Bf5 4.d4 Nd7 5.Bg2 Nxe5 6.dxe5 c6 7.Nd2 Qc7 8.c4 e6
9.cxd5 exd5 10.O-O Qxe5 11.e4 dxe4 12.Nxe4 Bxe4 13.Bxe4 Bb4 14.a3 Ba5 15.Qa4 Nf6
16.Bxc6+ bxc6 17.Qxc6+ Ke7 18.Bf4 Qd5 19.Bd6+ Qxd6 20.Rfe1+ Bxe1 21.Rxe1+ Qe6  0-1

[Event "Open"]
[Site "Novosibirsk RUS"]
[Date "2001.07.19"]
[Round "1"]
[White "Shushpanov,R"]
[Black "Toropov,V"]
[Result "1-0"]
[WhiteElo "2436"]
[BlackElo "2150"]

1.Nf3 d5 2.g3 Nd7 3.d4 e6 4.Bg2 Bd6 5.O-O Ne7 6.c4 c6 7.b3 O-O 8.Ba3 Bxa3
9.Nxa3 Qa5 10.Qc1 b5 11.c5 Qc7 12.Re1 f5 13.Qf4 Qxf4 14.gxf4 h6 15.Nc2 a5
16.a3 Kh7 17.h4 Ng6 18.e3 Nh8 19.b4 a4 20.Ne5 Ra6 21.Bf1 Ng6 22.Nf3 Nf6 23.Bd3 Bd7
24.Kg2 Be8 25.Rh1 Ra7 26.Rag1 Re7 27.Kf1 Nh8 28.Ne5 g6 29.Rg2 Rg7 30.Rhg1 Rfg8
31.Ne1 Nf7 32.N1f3 Ne4 33.Rh2 Kh8 34.Ke1 Nf6 35.Ke2 Nh5 36.Ke1 Nf6 37.Be2 Ne4
38.Rgg2 Kh7 39.Bd3 Nf6 40.Be2 Ne4 41.Bd1 Nf6 42.Rh1 Kh8 43.Bc2 Nh5 44.Ng1 Nxe5
45.dxe5 g5 46.hxg5 hxg5 47.fxg5 Rxg5 48.Rxg5 Rxg5 49.Nf3 Rg4 50.Nd4 Kg8 51.Nxe6 Rc4
52.Kd2 f4 53.Nd4 fxe3+ 54.fxe3 Kg7 55.Bd3 Rxd4 56.Rg1+ Kh6 57.exd4 Nf4 58.Ke3  1-0

[Event "Politiken Cup"]
[Site "Copenhagen DEN"]
[Date "2001.07.20"]
[Round "5"]
[White "Pedersen,C"]
[Black "Nielsen,JH"]
[Result "1-0"]
[WhiteElo "2280"]
[BlackElo "2055"]

1.Nf3 d5 2.g3 c6 3.Bg2 Bg4 4.h3 Bxf3 5.Bxf3 e5 6.d3 Nf6 7.O-O Bc5 8.Nd2 Qe7
9.e4 O-O 10.c3 dxe4 11.dxe4 Qe6 12.Kg2 Rd8 13.Qc2 Nbd7 14.Be2 b5 15.a4 a6
16.Nf3 Ba7 17.b4 Nb6 18.axb5 axb5 19.Be3 Qe7 20.Ra6 Qb7 21.Rfa1 Na4 22.Rxa7 Rxa7
23.Bxa7 Qxa7 24.Nxe5 Re8 25.Nxc6 Qb6 26.Nd4 Nxe4 27.Bxb5 Nexc3 28.Bxe8 Qxd4
29.Bxa4 g6 30.Rc1 Qd5+ 31.Kh2  1-0

[Event "EuChJun Boys"]
[Site "Patras GRE"]
[Date "2001.07.20"]
[Round "5"]
[White "Stryjecki,M"]
[Black "Izoria,Z"]
[Result "1/2-1/2"]
[WhiteElo "2441"]
[BlackElo "2486"]

1.g3 d5 2.Nf3 c6 3.Bg2 Bg4 4.O-O Nd7 5.d3 e6 6.c4 Bxf3 7.exf3 Ngf6 8.f4 Bc5
9.Nd2 O-O 10.Nf3 a5 11.b3  1/2-1/2

[Event "ch-SUI"]
[Site "Scuol SUI"]
[Date "2001.07.20"]
[Round "9"]
[White "Moor,R"]
[Black "Cherniaev,A"]
[Result "0-1"]
[WhiteElo "2367"]
[BlackElo "2437"]

1.g3 d5 2.Nf3 c6 3.Bg2 Nf6 4.b3 Bf5 5.Bb2 e6 6.O-O h6 7.c4 Be7 8.d3 O-O 9.Nbd2 Bh7
10.Qc2 a5 11.a3 Nbd7 12.Bd4 Qb8 13.cxd5 exd5 14.Bh3 Re8 15.Rfe1 Qc7 16.Nh4 Bf8
17.Nhf3 Bd6 18.Qb2 Bf8 19.Rac1 Qd6 20.Nb1 Ra6 21.Bc3 Qc7 22.Nbd2 Raa8 23.Bd4 Qd6
24.Nb1 b6 25.Bc3 c5 26.Bd2 b5 27.Nc3 b4 28.axb4 axb4 29.Na4 g5 30.Bg2 Rac8
31.h4 g4 32.Bf4 Qe6 33.Nh2 Nh5 34.Qd2 Bg7 35.e4 dxe4 36.dxe4 Nxf4 37.Qxf4 Qxb3
38.Qxg4 Qxa4 39.Nf3 b3 40.Rcd1 Rcd8  0-1

[Event "Tan Lian Ann cup"]
[Site "Tianjin CHN"]
[Date "2001.07.20"]
[Round "6"]
[White "Wang Rui"]
[Black "Altanoch,G"]
[Result "1-0"]
[WhiteElo "2509"]
[BlackElo "2295"]

1.Nf3 d5 2.g3 Nf6 3.Bg2 c6 4.O-O Bf5 5.d3 Nbd7 6.c4 e5 7.cxd5 cxd5 8.Bg5 Qb6
9.Bxf6 Nxf6 10.Nbd2 Nd7 11.Qa4 f6 12.e4 dxe4 13.Nh4 Be6 14.Bxe4 Qb4 15.Qc2 Nc5
16.Bf5 Bxf5 17.Nxf5 g6 18.Ne3 Rd8 19.Ne4 Be7 20.a3 Qb5 21.b4 Nxd3 22.Rad1 f5
23.Nc3 Qd7 24.Ncd5 e4 25.Qc4 b5 26.Nc7+ Kf8 27.Ne6+ Ke8 28.Ng7+ Kf8 29.Ne6+ Ke8
30.Qc3 Rg8 31.Nxd8 Bxd8 32.Ng2 Qc7 33.Qd4 Ne5 34.Qd5 Rh8 35.Ne3 Bf6 36.Qxb5+ Kf7
37.Qd5+ Ke8 38.Qb5+ Kf7 39.Nd5 Qb8 40.Qxb8 Rxb8 41.Nxf6 Kxf6 42.Rd6+ Ke7
43.Ra6 Rb7 44.Rd1 Rc7 45.b5 Nd3 46.Rc6 Rb7 47.a4 Ne5 48.Ra6 Nd3 49.b6 axb6
50.Rb1 Nc5 51.Raxb6 Rxb6 52.Rxb6 Nxa4 53.Rb7+ Kf6 54.Rxh7 Nc5 55.Kf1 Nd3
56.Ke2 Ne5 57.Ra7 Nf3 58.h4 Ne5 59.Ra6+ Kg7 60.Re6 Ng4 61.f3 exf3+ 62.Kxf3 Kh6
63.Kf4 Nf2 64.Rc6 Nd3+ 65.Ke3 Ne5 66.Ra6 Ng4+ 67.Kf4 Nf2 68.Ke5 Nh1 69.Ra3 Nf2
70.Kf6 Ne4+ 71.Ke5 Nf2 72.Ra8 Kh5 73.Ra2 Ng4+ 74.Kf4 Kh6 75.Ra6 Nf2 76.Rd6 Ng4
77.Rd7 Nf6 78.Rd8 Nh5+ 79.Kf3 Nf6 80.Rd4 Kh5 81.Kf4 Kh6 82.Ke5 Kg7 83.Ke6 Nh5
84.Rd3 Kh6 85.Kf7 Kh7 86.Rc3 Kh6 87.Rc6 Nxg3 88.Rxg6+ Kh5 89.Rxg3 Kxh4 90.Ra3 f4
91.Ke6 Kg4 92.Ke5 f3 93.Ke4 f2 94.Rf3  1-0

[Event "Zhong Hong Real Estate Cup"]
[Site "Beijing CHN"]
[Date "2001.07.21"]
[Round "2"]
[White "Datu,I"]
[Black "Li Shilong"]
[Result "1/2-1/2"]
[WhiteElo "2445"]
[BlackElo "2486"]

1.Nf3 d5 2.g3 Nf6 3.Bg2 c6 4.O-O Bg4 5.d4 Nbd7 6.b3 e6 7.Bb2 Bd6 8.Nbd2 Qc7
9.c4 O-O 10.a3 a5 11.Rc1 Rfe8 12.Qe1 Qb8 13.Qd1 h6 14.Re1 Bf5 15.Nh4 Bh7
16.f4 b5 17.c5 Be7 18.Nhf3 Ne4 19.Nxe4 dxe4 20.Ne5 Qc7 21.Qc2 f5 22.a4 b4
23.Qc4 Bf8 24.g4 g6 25.h4 Nf6 26.g5 Nd5 27.e3 Bg7 28.Kf2 Bxe5 29.dxe5 Kg7
30.Bd4 Bg8 31.Rh1 Bf7 32.Bf1 Rh8 33.Be2 Be8 34.Qc2 Rd8 35.Kg3 Bd7 36.Bc4 Bc8
37.Qe2 Qd7 38.Rcg1 Qf7 39.Rd1 Qe7 40.Rdg1 Rh7 41.Rh2 Nc7 42.Kf2  1/2-1/2

[Event "EuChJun Boys"]
[Site "Patras GRE"]
[Date "2001.07.21"]
[Round "6"]
[White "Stryjecki,M"]
[Black "Korobov,A"]
[Result "0-1"]
[WhiteElo "2441"]
[BlackElo "2470"]

1.g3 d5 2.Nf3 c6 3.Bg2 Bg4 4.O-O Nd7 5.d3 Ngf6 6.c4 Bxf3 7.exf3 g6 8.f4 Bg7
9.Nd2 O-O 10.Nf3 e6 11.Qe2 Ne8 12.Ne5 Nd6 13.b3 Re8 14.Bb2 a5 15.Rfe1 Nxe5
16.fxe5 Nf5 17.Rac1 Bh6 18.Rcd1 Qb6 19.d4 a4 20.Qd3 dxc4 21.Qxc4 axb3 22.axb3 Red8
23.Be4 Ne7 24.Ra1 Nd5 25.Ba3 Qa5 26.Red1 Nc3 27.Be7 Qxa1 28.Rxa1 Rxa1+ 29.Kg2 Nxe4
30.Bxd8 Ra2 31.Qb4 Rxf2+ 32.Kh1 Rf1+ 33.Kg2 Rf2+ 34.Kh3 Bg5 35.Qe1 Bxd8 36.Qxe4 Ra2
37.Qd3 Ra5 38.Qc3 Rb5 39.Qc4 Bb6 40.Qa4 Kg7 41.Kg2 Rd5 42.Qb4 Bxd4 43.Qxb7 c5
44.b4 c4 45.Qc6 c3 46.Qc4 Bxe5 47.b5 Rd2+ 48.Kh3 h5 49.b6 g5  0-1

[Event "Politiken Cup"]
[Site "Copenhagen DEN"]
[Date "2001.07.22"]
[Round "8"]
[White "Hoff,T"]
[Black "Roder,P"]
[Result "0-1"]
[WhiteElo "2038"]
[BlackElo "2174"]

1.Nf3 d5 2.g3 Nf6 3.d3 c6 4.Bg2 Bg4 5.h3 Bh5 6.Bf4 Nbd7 7.Nbd2 e6 8.O-O Bc5
9.g4 Bg6 10.Re1 O-O 11.c3 a5 12.d4 Be7 13.Bg3 b5 14.Nh4 Ne8 15.Nxg6 hxg6
16.e4 Nd6 17.Qe2 Nb6 18.b3 Bh4 19.Bh2 Re8 20.Nf3 Nxe4 21.Nxh4 Qxh4 22.Bxe4 dxe4
23.Kg2 f5 24.c4 Rf8 25.Bg3 Qe7 26.c5 Nd5 27.Bd6 Qxd6 28.cxd6 Nf4+ 29.Kg3 Nxe2+
30.Rxe2 Rad8 31.Kf4 Rxd6 32.Rd1 c5 33.Rc1 cxd4 34.Rc5 Rd5 35.Rec2 d3 36.Rxd5 exd5
37.Rc5 Rd8 38.Ke3 d4+ 39.Kd2 Re8 40.gxf5 e3+ 41.fxe3 dxe3+ 42.Ke1 d2+ 43.Ke2 Rd8  0-1

[Event "Open"]
[Site "Novosibirsk RUS"]
[Date "2001.07.22"]
[Round "4"]
[White "Solodovnikov,M"]
[Black "Garagulya,K"]
[Result "1-0"]
[WhiteElo "2189"]
[BlackElo "2414"]

1.Nf3 d5 2.g3 Nf6 3.Bg2 Nc6 4.d4 Bf5 5.O-O e6 6.c3 Be7 7.Nbd2 h6 8.b4 Ne4
9.Bb2 O-O 10.Nb3 Nd6 11.Nfd2 a5 12.a3 axb4 13.axb4 Rxa1 14.Qxa1 Qa8 15.Qxa8 Rxa8
16.Ra1 Rxa1+ 17.Bxa1 b6 18.Bb2 Na7 19.Bf1 Bc2 20.e3 Kf8 21.f3 Ke8 22.Kf2 Kd7
23.Bg2 Bg5 24.Bf1 Kc6 25.Be2 Nab5 26.Bf1 Bxb3 27.Nxb3 Nc4 28.Bxc4 dxc4 29.Nd2 Nd6
30.Ke2 Kb5 31.f4 Bd8 32.e4 f5 33.e5 Nc8 34.Kd1 Ne7 35.Kc2 Nd5 36.Bc1 Ne3+
37.Kb2 Nd1+ 38.Kc2 Ne3+ 39.Kb2 Ng4 40.Nf1 g6 41.Be3 g5 42.h3 Nxe3 43.Nxe3 gxf4
44.gxf4 c6 45.Ng2 Be7 46.Kc2 h5 47.Kb2 Bf8 48.Ne3 Bh6 49.Ng2 c5 50.bxc5 bxc5
51.Kc2 cxd4 52.cxd4 Kb4 53.d5 exd5 54.e6 Bf8 55.Ne3 d4 56.Nd5+ Ka3 57.e7 d3+
58.Kc3  1-0

[Event "XXI Open"]
[Site "Cullera ESP"]
[Date "2001.07.23"]
[Round "5"]
[White "Vera,R"]
[Black "Adell Corts,F"]
[Result "1/2-1/2"]
[WhiteElo "2563"]
[BlackElo "2148"]

1.Nf3 d5 2.g3 e6 3.Bg2 f5 4.O-O Nf6 5.d4 Bd6 6.c4 c6 7.Ne5 O-O 8.Bf4 Bxe5
9.Bxe5 Nbd7 10.Bd6 Rf7 11.Nd2 Nf8 12.Ba3 Ng6 13.Nf3 Ne4 14.h4 h5 15.e3 dxc4
16.Qe2 b5 17.Ne5 Nxe5 18.dxe5 Qb6 19.Bxe4 fxe4 20.Bd6 Rf3 21.Qc2 Bb7 22.Qxe4 c5
23.Qg6 Qc6 24.Qxe6+ Kh7 25.Qh3 Rc8 26.Rad1 a5 27.Rfe1 Qe4 28.Rc1 a4 29.a3  1/2-1/2

[Event "Open"]
[Site "Novosibirsk RUS"]
[Date "2001.07.23"]
[Round "5"]
[White "Permiakov,V"]
[Black "Novikova,A"]
[Result "1-0"]
[WhiteElo "2345"]
[BlackElo "2211"]

1.Nf3 d5 2.g3 Nf6 3.Bg2 g6 4.O-O Bg7 5.d4 O-O 6.Bf4 c5 7.c3 cxd4 8.cxd4 Qb6
9.b3 Ne4 10.Be5 f6 11.Bxb8 Rxb8 12.e3 Be6 13.Nfd2 Nxd2 14.Qxd2 Bf7 15.Nc3 Qb4
16.Qb2 Rfd8 17.Rac1 e5 18.a3 Qe7 19.Rc2 Kh8 20.Rfc1 Rbc8 21.b4 Qe8 22.Bf1 f5
23.Ne2 Rxc2 24.Rxc2 g5 25.dxe5 Bxe5 26.Qc1 Bg6 27.Rc5 b6 28.Rc6 Qe7 29.Nd4 Bxd4
30.exd4 f4 31.Rc7 Qe4 32.Qc3 fxg3 33.hxg3 Rf8 34.Rxa7 Qf5 35.Qd2 Rc8 36.Re7 Rc2
37.Qe3 Qf6 38.Re6 Qd8 39.Qe5+ Kg8 40.Re7 Bf7 41.Rxf7  1-0

[Event "Czech Open"]
[Site "Pardubice CZE"]
[Date "2001.07.23"]
[Round "4"]
[White "Espig,L"]
[Black "Fridman,D"]
[Result "0-1"]
[WhiteElo "2421"]
[BlackElo "2562"]

1.Nf3 d5 2.g3 Nf6 3.Bg2 c5 4.c4 Nc6 5.cxd5 Nxd5 6.Nc3 Nc7 7.a3 g6 8.d3 Bg7
9.Bd2 O-O 10.Rc1 b6 11.h4 Nd4 12.h5 Bb7 13.hxg6 hxg6 14.Ne4 Bxe4 15.dxe4 Nxf3+
16.Bxf3 Bxb2 17.Qb3 Bg7 18.e5 Ne6 19.Bxa8 Qxa8 20.f3 Bxe5 21.Kf2 Rd8 22.Bc3 Bd4+
23.Bxd4 cxd4 24.Rh4 Qd5 25.Qxd5 Rxd5 26.e4 Ra5 27.Ra1 Rb5 28.f4 Rb2+ 29.Kf3 Rb3+
30.Kg2 Rb2+ 31.Kf3 Rb3+ 32.Kg2 g5 33.fxg5 Rb2+ 34.Kf3 Nxg5+ 35.Kg4 Nxe4 36.Re1 Rf2
37.Kh3 Ng5+ 38.Kg4 Ne4 39.Kh3 f5 40.Ra1 Ng5+  0-1

[Event "MTO"]
[Site "Biel SUI"]
[Date "2001.07.24"]
[Round "2"]
[White "Zollbrecht,J"]
[Black "Fish,G"]
[Result "1-0"]
[WhiteElo "2306"]
[BlackElo "2502"]

1.g3 d5 2.Nf3 Nf6 3.Bg2 g6 4.c4 d4 5.e3 c5 6.exd4 cxd4 7.O-O Bg7 8.d3 Nc6
9.a3 a5 10.Nbd2 O-O 11.Rb1 Rb8 12.Qc2 Bf5 13.b4 axb4 14.axb4 b5 15.cxb5 Na7
16.b6 Nb5 17.Nc4 Nc3 18.Nfe5 Rxb6 19.Nxb6 Qxb6 20.Nc6 Re8 21.b5 Nxb1 22.Qxb1 e5
23.Ba3 Bf8 24.Bxf8 Kxf8 25.Re1 Nd7 26.Qb4+ Kg7 27.Nxd4 Bxd3 28.Bc6 Rf8 29.Nf3 Nb8
30.Nxe5 Nxc6 31.Qxf8+ Kxf8 32.Nd7+ Kg7 33.Nxb6 Bxb5 34.f3 Nd4 35.Kf2 Bc6
36.Re3 h5 37.Nc4 Bd5 38.Rd3 Bxc4 39.Rxd4 Be6 40.h4 Kf6 41.Rf4+ Kg7 42.Ra4 Bb3
43.Rb4 Bd5 44.Ke3 Kf6 45.Kf4 Ba8 46.Rb8 Bd5 47.Rg8 Bc4 48.g4 hxg4 49.fxg4 Ke7
50.g5 Kd6 51.Rb8 Be6 52.Rb6+ Kd5 53.Rb5+ Kc6 54.Ra5 Kd6 55.Ke4 Bc8 56.Rd5+ Ke6
57.Rb5 Kd6 58.Rb6+ Kc7 59.Rf6 Be6 60.Rxe6 fxe6 61.h5  1-0

[Event "ch-Paris Open"]
[Site "Paris FRA"]
[Date "2001.07.24"]
[Round "4"]
[White "Chinchilla,E"]
[Black "Licayan,A"]
[Result "0-1"]
[WhiteElo "2298"]
[BlackElo "2169"]

1.Nf3 d5 2.g3 Nf6 3.Bg2 Nbd7 4.d3 e5 5.O-O Bd6 6.Nc3 c6 7.e4 d4 8.Ne2 O-O
9.c3 c5 10.Nh4 Re8 11.f4 Nf8 12.fxe5 Bxe5 13.Nf5 Bxf5 14.exf5 Qc7 15.cxd4 cxd4
16.Nf4 Rad8 17.h3 N8d7 18.Bd2 Nb6 19.Qb3 Qd7 20.g4 h6 21.Rae1 Bb8 22.Qb4 Rc8
23.Rc1 Rxc1 24.Bxc1 Rc8 25.Bd2 Rc2 26.Be1 Bxf4 27.Rxf4 Nbd5 28.Bxd5 Qxd5
29.Rf2 Rc1 30.Rf1 Qe5 31.Bf2 Rxf1+ 32.Kxf1 Qh2 33.Qxd4 Qxh3+ 34.Ke1 Nxg4
35.Qxa7 Qf3 36.Qc5 f6 37.Bd4 Qxd3 38.Bc3 Qe4+ 39.Kd2 h5 40.a4 h4 41.Qc8+ Kh7
42.Qe6 Qf4+  0-1

[Event "MTO"]
[Site "Biel SUI"]
[Date "2001.07.26"]
[Round "4"]
[White "Markowski,T"]
[Black "Ermeni,A"]
[Result "1-0"]
[WhiteElo "2548"]
[BlackElo "2245"]

1.g3 d5 2.Nf3 c6 3.Bg2 Nf6 4.O-O Bg4 5.d3 e6 6.c4 dxc4 7.dxc4 Nbd7 8.Nc3 Qa5
9.Be3 Be7 10.Qb3 Qc7 11.h3 Bh5 12.Bf4 e5 13.Be3 Nc5 14.Qc2 a5 15.Nh4 Bg6
16.Nxg6 hxg6 17.Rad1 O-O 18.Na4 Nfd7 19.Nxc5 Nxc5 20.Rd2 f5 21.Rfd1 Rf7 22.a3 Bf8
23.b4 axb4 24.axb4 Ne6 25.c5 g5 26.Qc4 Re8 27.Ra2 Kh8 28.Bc1 e4 29.e3 Rf6
30.Rad2 Rd8 31.Bb2 Rxd2 32.Rxd2 Rh6 33.g4 f4 34.Qxe4 fxe3 35.fxe3 Qg3 36.Rf2 Qb8
37.Qe5 Qd8 38.Bf1 b6 39.cxb6 Bd6 40.Qa5 Bb8 41.Be5 c5 42.Bxb8 Qxb8 43.bxc5 Qg3+
44.Bg2 Rxh3 45.Qa8+ Kh7 46.Qe4+  1-0

[Event "Dutch Open"]
[Site "Dieren NED"]
[Date "2001.07.26"]
[Round "9"]
[White "Wilschut,P"]
[Black "Van den Bersselaar,J"]
[Result "1/2-1/2"]
[WhiteElo "2142"]
[BlackElo "2137"]

1.Nf3 d5 2.g3 c6 3.Bg2 Nf6 4.O-O Bf5 5.d3 e6 6.Nbd2 h6 7.Qe1 Bh7 8.e4 dxe4
9.dxe4 Nbd7 10.Qe2 Nc5 11.Ne1 Be7 12.e5 Nd5 13.Ne4  1/2-1/2

[Event "Open"]
[Site "Novosibirsk RUS"]
[Date "2001.07.26"]
[Round "8"]
[White "Yakimov,S"]
[Black "Garagulya,K"]
[Result "1-0"]
[WhiteElo "2265"]
[BlackElo "2414"]

1.Nf3 d5 2.g3 Nf6 3.Bg2 Nc6 4.d4 Bf5 5.O-O e6 6.c4 Be7 7.cxd5 exd5 8.Nc3 Ne4
9.Qb3 Nxc3 10.Qxc3 O-O 11.Bf4 Re8 12.a3 a5 13.Rac1 a4 14.Qd2 h6 15.h4 Bf6
16.Rc5 Be4 17.Ne5 Bxe5 18.dxe5 Bxg2 19.Kxg2 d4 20.Rd1 Re6 21.Qd3 g6 22.Rdc1  1-0